| Tag |
First Indicator |
Second Indicator |
Subfields |
| LEADER |
00000uam a2200000 a 4500 |
| 001 |
in00004142321 |
| 005 |
20260122212908.2 |
| 006 |
m o d |
| 007 |
cr cn |
| 008 |
121015s2013 xx o eng |
| 020 |
|
|
|z 9780133517736
|
| 035 |
|
|
|a (CaSebORM)9780133517736
|
| 040 |
|
|
|d UtOrBLW
|
| 041 |
0 |
|
|a eng
|
| 100 |
1 |
|
|a Johnson, Allan,
|e author.
|0 http://id.loc.gov/authorities/names/nb2007020108
|
| 245 |
1 |
0 |
|a 31 Days Before Your CCENT Certification Exam :
|b A Day-By-Day Review Guide for the ICND1 (100-101) Certification Exam, Second Edition /
|c Johnson, Allan.
|
| 250 |
|
|
|a 1st edition.
|
| 264 |
|
1 |
|b Cisco Press,
|c 2013.
|
| 300 |
|
|
|a 1 online resource (368 pages)
|
| 336 |
|
|
|a text
|b txt
|2 rdacontent
|
| 337 |
|
|
|a computer
|b c
|2 rdamedia
|
| 338 |
|
|
|a online resource
|b cr
|2 rdacarrier
|
| 347 |
|
|
|a text file
|
| 520 |
|
|
|a 31 Days Before Your CCENT Certification Exam Second Edition A Day-By-Day Review Guide for the ICND1 (100-101) Certification Exam 31 Days Before Your CCENT Certification Exam offers you a personable and practical way to understand the certification process, commit to taking the 100-101 ICND1 certification exam, and finish your preparation using a variety of Primary and Supplemental study resources. With a CCENT (Cisco Certified Entry Networking Technician) certification, a network professional demonstrates the skills required for entry-level network support positions-the starting point for many successful careers in networking. CCENT is the first step toward achieving CCNA certification. Sign up for the ICND1 exam and use the book's day-by-day guide and checklist to organize, prepare, and review. Each day in this guide breaks down an exam topic into a manageable bit of information to review using short summaries. A Study Resources section provides you with a quick reference for locating more in-depth treatment of a day's topics within the Primary and Supplemental resources. The features of the book empower you to fit exam preparation into a busy schedule: --Visual calendar summarizing each day's study topic --Checklist providing advice for preparation activities leading up to the exam --Description of the 100-101 ICND1 exam organization and sign-up process --Strategies from the author to be mentally, organizationally, and physically prepared for exam day --Conversational tone, which makes your study time more enjoyable Primary Resources: Cisco CCENT/CCNA ICND1 100-101 Official Cert Guide ISBN: 9781587143854 Interconnecting Cisco Network Devices, Part 1 Foundation Learning Guide ISBN: 9781587143762 Introduction to Networks Companion Guide ISBN: 9781587133169 Introduction to Networks Lab Manual ISBN: 9781587133121 Routing and Switching Essentials Companion Guide ISBN: 9781587133183 Routing and Switching Essentials Lab Manual ISBN: 9781587133206 Supplemental Resources: CCENT Practice and Study Guide ISBN: 9781587133459 Cisco CCENT ICND1 100-101 Flash Cards and Exam Practice Pack ISBN: 9781587203992 CCNA Routing and Switching Portable Command Guide, 3e ISBN: 9781587204302 Cisco CCENT ICND1 100-101 Network Simulator ISBN: 9780789750433
|
| 533 |
|
|
|a Electronic reproduction.
|b Boston, MA :
|c Safari,
|n Available via World Wide Web.
|d 2014.
|
| 538 |
|
|
|a Mode of access: World Wide Web.
|
| 542 |
|
|
|f Copyright© 2014 Cisco Systems, Inc.
|g 2014
|
| 588 |
|
|
|a Online resource; Title from title page (viewed December 18, 2013)
|
| 500 |
|
|
|a Electronic resource.
|
| 655 |
|
7 |
|a Electronic books.
|2 local
|
| 710 |
2 |
|
|a Safari, an O'Reilly Media Company.
|
| 856 |
4 |
0 |
|u https://proxy.library.tamu.edu/login?url=https://go.oreilly.com/TAMU/library/view/-/9780133517736/?ar
|z Connect to this electronic resource
|t 0
|
| 999 |
f |
f |
|s cc658b43-c15a-3f97-89d0-915425dab809
|i 2847fa73-3d54-3e41-a4d3-ed5d7d561455
|t 0
|
| 952 |
f |
f |
|a Texas A&M University
|b College Station
|c Electronic Resources
|s www_evans
|d Available Online
|t 0
|h No information provided
|
| 998 |
f |
f |
|t 0
|l Available Online
|